[Event "93rd FRA-ch 2018"]
[Site "Nimes"]
[Date "2018.08.24"]
[Round "7"]
[White "Edouard, Romain"]
[Black "Maze, Sebastien"]
[Result "1-0"]
[WhiteElo "2638"]
[BlackElo "2612"]
[Annotator "TA"]
[PlyCount "89"]
[EventDate "2018.08.18"]
[EventType "tourn"]
[EventCountry "FRA"]
[SourceTitle "playchess.com"]
[Source "ChessBase"]
[SourceQuality "1"]

{[%evp 18,89,80,85,73,63,67,67,115,106,106,101,152,107,129,120,113,104,154,150,233,210,221,199,241,234,230,159,158,131,247,196,200,195,270,298,399,156,213,205,208,215,317,292,258,204,345,313,589,454,587,579,547,549,841,771,1461,1430,1276,529,548,550,556,532,543,530,565,562,518,553,547,518,515,507]} 1. c4 Nf6 2. Nc3 e6 3. e4 {[%cal Be2e4,Be4e5][%mdl 32]} c5 4. e5 Ng8 5. Nf3 Nc6 6. d4 cxd4 7. Nxd4 Nxd4 8. Qxd4 Ne7 {A19: Englische Eröffnung} 9. Bf4 Nc6 10. Qe3 {LiveBook: 3 Partien} Bb4 {Weiß steht besser.} (10... Qa5 11. O-O-O Bb4 12. Nb5 a6 13. Nd6+ Bxd6 14. exd6 b5 15. Qg3 Rg8 16. Kb1 {1-0 (35) Wojtaszek,R (2711)-Krejci,J (2454) Katowice 2010 EXT 2016 [Primel,D]}) 11. Bd3 $146 ({Vorgänger:} 11. a3 Bxc3+ 12. Qxc3 f6 13. exf6 Qxf6 14. Qxf6 gxf6 15. Be2 e5 16. Be3 {1-0 (59) Pavlovic,M (2480)-Pavlovic,D (2355) Kladovo 1991}) 11... b6 12. Qg3 Kf8 13. Rc1 Bb7 14. O-O h6 (14... h5 $142) 15. Ne4 Ne7 16. Nd6 Bxd6 17. exd6 $40 {[%mdl 128] Schwarz ist in Schwierigkeiten.} Nc6 18. Bd2 Qf6 (18... f6 $16 {war angesagt.} 19. Bc3 h5) 19. b4 $1 $18 {[%cal Bb2b4,Bb4b5][%mdl 32]} h5 20. b5 h4 21. Qe3 $1 Nd8 22. f4 h3 23. g3 (23. gxh3 $6 Qh6 $11) 23... Rh5 (23... Bg2 $16) 24. Rce1 Qh6 25. g4 Rh4 (25... Rc5 $142 26. Qg3 a6) 26. Qg3 $1 g6 27. g5 $2 (27. Re5 $1 $18) 27... Qh5 {[#]} (27... Qh8 $16) 28. Be2 $1 {[%cal Re2h5]} Qh7 29. Rc1 f5 (29... e5 $142 30. fxe5 a6) 30. Be1 Rh5 31. Qc3 (31. Bxh5 $6 Qxh5 32. c5 bxc5 $18) 31... Nf7 (31... e5 {war einen Versuch wert.} 32. Qxe5 (32. Bxh5 Qxh5 33. Qxe5 Ne6 $18) 32... Ne6) 32. Qf6 ({Schwächer ist} 32. c5 bxc5 33. Qf6 (33. Qxc5 Bg2 $16) (33. Bxh5 Qxh5 34. Qe3 Rc8 $11) 33... Bg2 $16) 32... Re8 $2 {[#]} (32... Kg8 33. c5 (33. Bxh5 Qxh5 34. Rb1 Nxd6 $11) 33... bxc5) 33. c5 $1 {[%cal Rc5c6] Weiß steht klar auf Gewinn.} bxc5 34. Rxc5 e5 35. Rc7 Bd5 36. Bc3 Rxg5+ 37. fxg5 Qh4 38. Bxe5 {[%csl Ge5][%cal Rf6g7]} Qxg5+ 39. Qxg5 Nxg5 40. Rxd7 {Und Lg7+ würde nun gewinnen.} Rxe5 41. Rf2 Ne4 42. Rd8+ Re8 43. Rxe8+ Kxe8 44. Rf3 Kd7 45. Rxh3 {Precision: Weiß = 77%, Schwarz = 33%.} 1-0

[Event "93rd FRA-ch 2018"]
[Site "Nimes"]
[Date "2018.08.24"]
[Round "7"]
[White "Bauer, Christian"]
[Black "Bacrot, Etienne"]
[Result "1-0"]
[WhiteElo "2636"]
[BlackElo "2699"]
[Annotator "TA"]
[PlyCount "97"]
[EventDate "2018.08.18"]
[EventType "tourn"]
[EventCountry "FRA"]
[SourceTitle "playchess.com"]
[Source "ChessBase"]
[SourceQuality "1"]

{[%evp 11,97,0,12,4,4,13,20,13,13,6,13,10,8,0,3,29,35,8,31,30,25,14,8,2,13,20,13,8,47,44,62,60,63,67,87,87,93,89,148,140,133,133,203,191,196,204,205,197,192,202,193,178,194,178,155,125,114,124,117,78,102,104,179,140,242,112,110,87,100,85,94,71,71,81,104,71,81,72,72,66,111,69,311,310,634,637,12843,12843]} 1. Nf3 d5 2. e3 Nf6 3. c4 e6 4. b3 Bd6 5. Bb2 O-O 6. Nc3 {A13: English Opening: 1...e6} c5 {LiveBook: 5 Games} 7. Rc1 $146 ({Predecessor:} 7. cxd5 exd5 8. d4 Nc6 9. Be2 cxd4 10. Nxd4 Nxd4 11. Qxd4 Re8 12. Rd1 Be5 13. Qd2 Bf5 {½-½ (24) Aronian,L (2764)-So,W (2778) Paris 2018}) 7... b6 8. cxd5 {The position is equal.} exd5 9. d4 Bb7 10. Bd3 Nbd7 11. O-O Re8 12. Re1 a6 13. Bf5 Nf8 14. Ne2 {[%cal Bc3e2,Be2g3,Bg3f5][%mdl 32]} Ne4 15. dxc5 bxc5 16. Bxe4 Rxe4 17. Ng3 Re8 18. Nf5 $36 {[%mdl 2048] White has good play.} Ne6 19. Ne5 Bxe5 20. Bxe5 Qg5 21. Qf3 d4 $1 22. e4 Qg6 {White should prevent ...Ng5.} 23. h4 h5 24. Bd6 {[%cal Be5d6,Bd6e7,Be7g5,Bg5d2][%mdl 32]} Rad8 (24... a5 $142) 25. Ne7+ $16 Rxe7 26. Bxe7 Rd7 (26... Re8 $16) 27. Bg5 $18 ({Don't do} 27. Bxc5 $6 d3 $16) 27... d3 28. Bd2 a5 29. Qf5 Qg4 30. Qxg4 hxg4 31. Rc4 Bc6 32. e5 a4 33. Rxg4 axb3 34. axb3 {[%cal Ba2b3,Bb3b4][%mdl 32] Strongly threatening b4.} Nd4 35. Rb1 {Black must now prevent Be3.} Rb7 36. b4 Ba4 (36... Bd7 $16 {was worth a try.} 37. Re4 Bf5 38. Rxd4 cxd4) 37. f3 Bc2 (37... Bd7 $16 {was necessary.}) 38. Rxd4 (38. Rb2 $18 {and White stays clearly on top.}) 38... cxd4 {[%mdl 4096] Endgame KRB-KRB} 39. Ra1 Re7 40. Ra8+ Kh7 41. Rd8 {Threatens to win with f4.} Rxe5 {Hoping for ...Re2.} 42. Rxd4 f6 43. Bf4 Re1+ 44. Kf2 Re2+ 45. Kg3 Re6 46. Rd7 Kg6 $2 {[#]} (46... Kg8 $14) 47. h5+ $1 {[%mdl 512]} Kxh5 $2 (47... Kh7 48. h6 Kh8 49. Rxg7 Bb3) 48. Rxg7 {White threatens Kh3 and mate.} Re1 49. Kh2 {Precision: White = 60%, Black = 50%.} 1-0

[Event "93rd FRA-ch 2018"]
[Site "Nimes"]
[Date "2018.08.24"]
[Round "7"]
[White "Gharamian, Tigran"]
[Black "Cornette, Matthieu"]
[Result "1/2-1/2"]
[WhiteElo "2614"]
[BlackElo "2593"]
[Annotator "TA"]
[PlyCount "81"]
[EventDate "2018.08.18"]
[EventType "tourn"]
[EventCountry "FRA"]
[SourceTitle "playchess.com"]
[Source "ChessBase"]
[SourceQuality "1"]

{[%evp 20,81,25,24,34,20,66,51,76,64,70,58,73,64,62,56,77,69,79,80,75,72,80,80,75,53,75,75,79,68,78,71,80,50,77,57,58,66,61,50,69,41,66,74,73,62,62,59,56,76,104,111,168,161,170,171,196,135,119,104,130,25,27,0]} 1. e4 c5 2. Nf3 {[%cal Bg1f3,Bf3d4,Bd4b5,Bb5c3,Bc3d5,Bd5e3][%mdl 32]} Nc6 3. d4 cxd4 4. Nxd4 e5 5. Nb5 d6 6. c4 Be7 7. N5c3 {B32: Sicilian: Löwenthal and Kalashnikov Variations} (7. N1c3 a6 8. Na3 Be6 9. Be2 Rc8 10. O-O Nf6 11. Be3 O-O 12. Qd2 Nd7 13. Rac1 Nc5 14. f3 Nd4 15. Bxd4 exd4 16. Qxd4 Qb6 17. Rc2 Bf6 18. Qe3 Qb4 19. Qd2 Na4 20. Nd5 {½-½ (37) Anand,V (2779)-Caruana,F (2823) Saint Louis 2016}) 7... Nf6 8. Bd3 O-O 9. O-O Nd7 10. Nd5 Bg5 11. Nbc3 {LiveBook: 3 Games} Bxc1 12. Rxc1 Nb6 $146 ({Predecessor:} 12... Nc5 13. Bb1 Ne6 14. Qd3 Qg5 {1-0 (27) Alekseev,E (2673)-Yevseev,D (2535) St Petersburg 2012}) 13. Ne3 Be6 14. Qd2 Qg5 15. Rcd1 Rfd8 16. Kh1 Rac8 17. b3 Qh6 18. f3 a6 19. Qf2 Nd7 20. Rd2 Nf6 21. Rfd1 g6 22. Bf1 Qf8 23. Nc2 Qe7 24. Qb6 Rd7 25. Na4 Kg7 26. Rd3 Ne8 27. Qf2 Rdd8 28. Nb6 Rb8 29. Qd2 h6 30. Qf2 Kh7 31. R3d2 Qc7 32. Nd5 Bxd5 33. exd5 Ne7 34. f4 {Black must now prevent fxe5.} exf4 35. Qxf4 Ng7 (35... Ng8 $16 {might work better.} 36. Rf2 Rd7) 36. Nd4 Nef5 {[#]} 37. Nxf5 $1 Nxf5 {[#]} 38. Bd3 (38. g4 $1 $18 {[%cal Rg4f5]} Ng7 39. Bd3) 38... Ng7 $16 39. Rf2 Rf8 40. Qg3 (40. g4 $16) 40... f5 $11 41. Re2 {Precision: White = 60%, Black = 40%.} 1/2-1/2

[Event "93rd FRA-ch 2018"]
[Site "Nimes"]
[Date "2018.08.24"]
[Round "7"]
[White "Le Roux, Jean-Pierre"]
[Black "Gozzoli, Yannick"]
[Result "*"]
[WhiteElo "2539"]
[BlackElo "2596"]
[Annotator "TA"]
[PlyCount "44"]
[EventDate "2018.08.18"]
[EventType "tourn"]
[EventCountry "FRA"]
[SourceTitle "playchess.com"]
[Source "ChessBase"]
[SourceQuality "1"]

{[%evp 19,44,5,12,11,26,10,35,3,17,12,15,8,15,0,14,14,14,14,14,14,21,14,33,36,36,31,43]} 1. Nf3 d5 2. g3 c6 3. Bg2 Bg4 4. O-O Nf6 5. d3 Nbd7 6. h3 Bxf3 {A07: Barcza-System (Königsfianchetto mit möglichen Übergängen in andere Systeme)} 7. Bxf3 e5 8. e4 dxe4 9. dxe4 Be7 10. Qe2 O-O {LiveBook: 4 Partien} 11. a4 a5 12. Na3 $146 ({Vorgänger:} 12. Nd2 Qc7 13. Nc4 Nc5 14. Bd2 {½-½ (42) Tomashevsky,E (2724)-Goganov,A (2635) Novosibirsk 2016}) 12... Qc7 13. Bd2 Bb4 14. c3 Be7 15. Nc4 Nc5 16. Be3 b5 17. axb5 cxb5 18. Na3 b4 19. cxb4 axb4 20. Nc4 h6 21. Nd2 {Droht stark Txa8.} Qd7 22. Kg2 Na4 {Precision: Weiß = 81%, Schwarz = 18%.} *

[Event "93rd FRA-ch 2018"]
[Site "Nimes"]
[Date "2018.08.24"]
[Round "7"]
[White "Loiseau, Quentin"]
[Black "Fressinet, Laurent"]
[Result "0-1"]
[WhiteElo "2417"]
[BlackElo "2645"]
[Annotator "TA"]
[PlyCount "132"]
[EventDate "2018.08.18"]
[EventType "tourn"]
[EventCountry "FRA"]
[SourceTitle "playchess.com"]
[Source "ChessBase"]
[SourceQuality "1"]

{[%evp 21,132,23,22,15,22,19,22,7,27,18,31,0,2,-21,-21,-10,0,0,0,0,0,0,0,0,0,0,30,31,29,8,21,10,108,52,53,41,54,1,4,-7,-8,-2,-2,-21,-21,-30,-24,-40,0,-102,-102,-102,-81,-91,-90,-98,-95,-95,-99,-113,-87,-91,-93,-104,-104,-100,-55,-38,-8,-16,-14,-183,-201,-260,-260,-260,-259,-179,-277,-592,-592,-592,-592,-592,-592,-592,-592,-592,-592,-1108,-943,-1084,-1008,-957,-791,-668,-592,-588,-588,-588,-588,-588,-588,-584,-584,-5777,-5333,-1008,-849,-5282,-5398,-6218,-6218]} 1. e4 e5 2. Nf3 Nc6 3. Bb5 a6 4. Ba4 g6 5. O-O Bg7 6. c3 d6 7. d4 Bd7 8. d5 Nce7 9. Bxd7+ Qxd7 10. c4 h6 11. Nc3 f5 {LiveBook: 110 Partien} 12. a4 {C76: Spanische Partie (Moderne Steinitz-Verteidigung)} Nf6 13. a5 O-O {[#]} 14. Qa4 $146 {Die Stellung ist ausgeglichen.} ({Vorgänger:} 14. Nd2 Kh7 15. Ra3 Rf7 16. Rb3 c6 17. Na4 Raf8 18. Nb6 Qd8 19. Qc2 c5 {½-½ (29) Luther,T (2589)-Malakhatko,V (2594) Oberwart 2006}) 14... Qc8 15. Nd2 g5 16. c5 dxc5 17. Qc4 {Schwarz muss nun d6+ beachten.} Rf7 18. Qxc5 Ng6 {[%cal Be7g6,Bg6f4,Bf4d3][%mdl 32]} 19. exf5 Qxf5 20. Ra4 Bf8 21. Qc4 $1 Nf4 {...Dg4 ist eine echte Drohung.} 22. Nde4 Nxe4 23. Qxe4 Nd3 24. Qxf5 Rxf5 25. Rc4 Rf7 26. Rd1 Nb4 (26... Nxf2 $11 27. Rf1 Nd3 28. Rxf7 Kxf7 29. Rxc7+ Kg6) 27. d6 ({Lieber} 27. h4 $1 $16) 27... Nc6 $1 $14 28. dxc7 Rxc7 29. Nd5 ({Besser ist} 29. Be3 $14) 29... Rf7 30. Be3 Nxa5 31. Rg4 Kh7 32. h4 gxh4 33. Rxh4 Nc6 34. Bb6 Rc8 35. g4 {[#]} (35. Nc3 $11 {hält das Gleichgewicht.}) 35... Nd4 $1 $17 {[%mdl 512]} 36. Bxd4 exd4 37. g5 Rf5 38. Rhxd4 Rxg5+ 39. Kf1 Bg7 40. R4d3 Rc2 41. b3 Rf5 42. R1d2 Rxd2 43. Rxd2 {[%mdl 4096] Endspiel KTL-KTS} Rf7 44. Ke2 a5 45. Ra2 {[#]} b6 $1 {[%mdl 512] Schwarz will ...Ld4 spielen.} 46. Kd3 $2 {[#]} (46. f4 $11) (46. Nxb6 Bd4) 46... Rf3+ $1 $19 47. Kc4 h5 48. Nxb6 h4 49. Rxa5 {Droht Th5+.} h3 (49... Kh6 $142 50. Rd5 Rf4+ 51. Kb5 h3) 50. Rg5 $2 {[#]} (50. Rd5 {war die entscheidende Verteidigung.}) 50... Rf6 $1 {Schwarz steht klar auf Gewinn.} 51. Nd5 Rc6+ 52. Kb5 h2 53. Kxc6 {Und Th5+ würde nun gewinnen.} h1=Q 54. f4 Qc1+ 55. Kb7 Bd4 56. b4 Qc4 57. Kb8 Kh6 58. Kb7 Qe2 59. Kc6 Qa6+ 60. Kd7 Qb7+ 61. Ke6 Qc6+ 62. Kf7 Bb2 63. Ne7 {Droht Matt per Sf5+.} Qf6+ 64. Ke8 Qxf4 65. Rg6+ Kh5 66. b5 Bf6 {Precision: Weiß = 44%, Schwarz = 65%.} 0-1

[Event "93rd FRA-ch 2018"]
[Site "Nimes"]
[Date "2018.08.25"]
[Round "8"]
[White "Bacrot, Etienne"]
[Black "Le Roux, Jean-Pierre"]
[Result "1-0"]
[WhiteElo "2699"]
[BlackElo "2539"]
[Annotator "TA"]
[PlyCount "129"]
[EventDate "2018.08.18"]
[EventType "tourn"]
[EventCountry "FRA"]
[SourceTitle "playchess.com"]
[Source "ChessBase"]
[SourceQuality "1"]

{[%evp 25,129,8,13,10,15,16,29,27,24,7,24,25,24,20,18,27,40,23,54,44,60,34,101,88,105,97,97,75,81,36,39,32,43,33,36,6,8,3,5,5,5,6,14,9,12,0,0,0,41,0,0,2,104,104,104,104,104,104,104,104,104,104,104,104,104,104,104,104,139,139,172,172,175,175,485,395,822,788,747,653,810,745,12824,1688,1635,1214,937,644,572,213,12834,12834,12835,12833,12835,12835,12835,12835,12835,12835,12837,12837,12837,12837,12837,12836]} 1. e4 e5 2. Nf3 Nf6 3. Nxe5 d6 4. Nf3 Nxe4 5. d4 d5 6. Bd3 Bd6 7. O-O O-O 8. c4 c6 9. Nc3 Nxc3 10. bxc3 dxc4 11. Bxc4 Bf5 12. Bd3 {C42: Petroff Defence: 3 Nxe5 and unusual White 3rd moves} (12. Ng5 h6 13. Qf3 Bg6 14. Ne4 Bxh2+ 15. Kxh2 Qh4+ 16. Qh3 Qxh3+ 17. gxh3 Bxe4 18. Rg1 Re8 19. Bxh6 g6 {½-½ (40) Vachier Lagrave,M (2789)-Caruana,F (2822) Stavanger 2018}) 12... Bxd3 13. Qxd3 Nd7 {LiveBook: 7 Games} 14. c4 {The position is equal.} Re8 {[#]} 15. g3 $146 ({Predecessor:} 15. a4 a5 16. Ba3 Bxa3 17. Qxa3 c5 18. d5 Qf6 19. Rfe1 h6 {½-½ (31) Zhigalko,S (2616)-Mamedov,R (2708) Ankara 2018}) 15... Qf6 16. Rb1 b6 17. Rd1 Nf8 18. Kg2 Qg6 19. a4 {[%cal Ba2a4,Ba4a5][%mdl 32]} Qxd3 20. Rxd3 Nd7 21. Be3 g6 22. a5 Rab8 23. Ra1 Rec8 {[#]} (23... b5 $14) 24. c5 $1 $16 {[%mdl 512]} Bc7 (24... bxc5 25. dxc5) 25. d5 bxc5 26. dxc6 Ne5 27. Rd5 Nxc6 28. Rxc5 Bd6 29. Rd5 Bf8 30. Rd7 Rd8 $1 {[%cal Rd8d7]} 31. Rc7 Rdc8 32. Rxc8 Rxc8 33. Rc1 {aiming for Ne5!} Ne7 34. Rxc8 Nxc8 $11 {[%mdl 4096] Endgame KBN-KBN} 35. Ne5 {Threatens to win with a6.} a6 36. Nd7 {And now Nb8 would win.} Bd6 37. Kf3 f5 $1 38. Nc5 Bxc5 (38... Be7 $1 $11 {remains equal.}) 39. Bxc5 {KB-KN} Kf7 40. Kf4 $1 Kf6 41. Bd4+ Ke6 42. Kg5 $1 Nd6 43. Kh6 $1 Kf7 44. Kxh7 Ne4 45. Kh6 Nd2 46. Bc3 Ne4 {[#]} 47. Be1 $1 Nc5 {[#] intending ...Nd3.} 48. f3 $1 Nd3 49. Bc3 Nc1 $2 (49... Nc5 50. h4 Nd3) 50. Kg5 $18 Ne2 $2 (50... Nd3 51. h4 Nc5) 51. Bb2 Ng1 52. Kf4 Ke6 53. Ke3 g5 54. f4 (54. Kf2 $142 Nh3+ 55. Ke2) 54... g4 55. Bd4 Kd5 56. Bb6 Kc4 {Now ...Kd5 and Black clings on.} 57. Kf2 $2 (57. Bd8 Kd5 58. Kf2) 57... Nh3+ $2 (57... Nf3) 58. Ke2 {White is clearly winning.} Kc3 59. Bc5 Kc4 60. Ba7 Kc3 61. Bb6 Kc4 62. Kd2 Kd5 63. Kd3 Kc6 64. Kc4 Kd6 65. Be3 {Precision: White = 66%, Black = 45%.} 1-0

[Event "93rd FRA-ch 2018"]
[Site "Nimes"]
[Date "2018.08.25"]
[Round "8"]
[White "Fressinet, Laurent"]
[Black "Bauer, Christian"]
[Result "1/2-1/2"]
[WhiteElo "2645"]
[BlackElo "2636"]
[Annotator "TA"]
[PlyCount "108"]
[EventDate "2018.08.18"]
[EventType "tourn"]
[EventCountry "FRA"]
[SourceTitle "playchess.com"]
[Source "ChessBase"]
[SourceQuality "1"]

{[%evp 19,108,25,62,62,58,55,47,56,63,27,56,59,57,58,59,57,70,60,72,72,71,52,227,137,136,129,151,43,90,66,62,66,64,9,8,9,12,11,9,9,16,8,55,0,0,0,0,0,0,-8,-8,-8,0,-8,-8,-29,-8,-8,0,-10,-8,-37,-8,-52,-52,-84,-86,-94,-94,-94,-32,-54,-8,-4,-5,-8,-7,-37,0,0,0,0,0,0,0,0,0,0,0,0,0]} 1. e4 e6 2. d4 d5 3. Nc3 Bb4 4. e5 c5 5. a3 Bxc3+ 6. bxc3 Qa5 7. Bd2 Qa4 8. Qg4 g6 9. h4 {C18: French: 3 Nc3 Bb4: Main line: 7 h4 and 7 Qg4} (9. Bd3 Nc6 10. Nf3 c4 11. Be2 Bd7 12. Qf4 h6 13. Ra2 Rh7 14. Qh4 Nge7 15. Ng5 Rh8 16. Bg4 Qa5 {1-0 (48) Najer,E (2667)-Stupak,K (2556) Sochi 2018}) 9... Nc6 10. h5 Qxc2 {LiveBook: 3 Games} 11. hxg6 {White is slightly better.} Qxg6 12. Qxg6 fxg6 13. Bd3 $146 ({Predecessor:} 13. Nf3 c4 14. Be2 h6 15. Bd1 Kf7 16. Bc2 Kg7 {1-0 (30) Amarasinghe,A (1915)-Saravana,K (2345) Bhubaneswar 2017}) 13... Kf7 14. Nf3 {[%mdl 1024] White has compensation.} c4 15. Bc2 $1 Bd7 16. Ke2 Kg7 17. Rh3 $36 {[%mdl 2048] White has the initiative.} h6 18. g4 b5 19. Nh4 Nge7 20. Rah1 h5 $2 (20... g5 $14) 21. Rg1 {[#] Nxg6! is the strong threat.} hxg4 22. Rxg4 {[%cal Rc2g6]} Kf7 23. Rhg3 (23. Bxg6+ $16 Nxg6 24. Rf3+ (24. Rxg6 Rag8 $11) 24... Ke8 25. Nxg6) 23... Ke8 24. Nxg6 Nxg6 25. Rxg6 {[#] aiming for Rg8+.} Kd8 $1 26. Rf6 (26. Rg8+ $14 Kc7 27. R8g7) 26... Kc7 $11 27. Rf7 {Black must now prevent Rgg7.} Raf8 28. Rxf8 Rxf8 29. Rg7 a5 30. f4 {And now f5! would win.} Kc8 31. Be3 ({White should try} 31. Ke3 $14) 31... b4 32. axb4 axb4 33. cxb4 Nxb4 34. Kd2 (34. Bh7 {feels hotter.} c3 35. Kf3 Rh8 36. Bc1 Nc6 37. Ke3) 34... Nxc2 35. Kxc2 {[%mdl 4096] Endgame KRB-KRB} Rh8 36. Rg3 Kc7 37. Bd2 Rh2 38. Kc3 Kc6 39. Bc1 Rf2 40. Bd2 Kb5 41. Bc1 Be8 42. Rg8 Rf3+ 43. Kc2 Bh5 44. Bd2 Kc6 (44... Rf1 $17 45. Kb2 Rf2) 45. f5 exf5 46. Rd8 f4 {Hoping for ...Bg6+.} 47. Rd6+ Kb7 48. Rh6 Bg4 {Strongly threatening ...Bf5+.} 49. Rf6 {The position is equal.} Bd7 50. Rf7 Kc8 51. Rf8+ Kb7 52. Rf7 Kc8 53. Rf8+ Kc7 54. Rf7 Kc8 {Precision: White = 50%, Black = 49%.} 1/2-1/2

[Event "93rd FRA-ch 2018"]
[Site "Nimes"]
[Date "2018.08.25"]
[Round "8"]
[White "Edouard, Romain"]
[Black "Loiseau, Quentin"]
[Result "1-0"]
[WhiteElo "2638"]
[BlackElo "2417"]
[Annotator "TA"]
[PlyCount "154"]
[EventDate "2018.08.18"]
[EventType "tourn"]
[EventCountry "FRA"]
[SourceTitle "playchess.com"]
[Source "ChessBase"]
[SourceQuality "1"]

{[%evp 11,154,31,32,-2,5,0,0,-22,0,0,0,-37,-37,-38,0,-18,41,52,56,66,150,67,62,54,69,69,87,92,116,109,116,116,112,116,116,112,116,108,116,116,116,117,137,127,144,125,137,125,196,188,204,121,165,159,160,149,286,286,286,286,286,286,286,286,286,286,286,286,286,286,286,208,250,195,250,158,158,158,158,158,158,158,158,100,100,100,100,100,100,100,100,100,100,100,100,100,100,100,108,116,115,100,100,100,100,100,100,100,100,100,100,100,100,100,100,100,391,161,135,100,361,0,101,100,107,100,110,109,206,107,104,118,150,156,1799,1668,12842,12843,12843,12843,12845,12845,12845,12846,12847]} 1. e4 c5 2. Nf3 Nc6 3. Bb5 e6 4. Bxc6 bxc6 5. b3 f6 6. O-O {B30: Sicilian: 2...Nc6 3 Bb5, lines without ...g6} e5 {LiveBook: 6 Games} 7. Re1 $146 ({Predecessor:} 7. d3 d5 8. Ba3 Bg4 9. h3 Bh5 10. Re1 Be7 11. Nc3 c4 12. Bxe7 Nxe7 13. dxc4 dxc4 {½-½ (46) Bok,B (2604)-Shirov,A (2686) Stockholm 2016}) 7... Ne7 8. c3 {The position is equal.} d5 9. Qe2 {Black should prevent d4.} dxe4 10. Qxe4 Bf5 11. Qc4 Bd3 12. Qxc5 Qd7 13. Ba3 Nd5 (13... Kf7 $11) 14. Qd4 $1 $14 {[%cal Rd4d3]} Bxb1 15. Bxf8 Bf5 ({Better is} 15... Kf7 $1 $14 16. Qc4 Rhxf8) 16. Bxg7 (16. Bc5 $16) 16... O-O-O 17. Nxe5 $1 fxe5 18. Bxe5 Rhg8 19. Bg3 h5 20. f3 Rde8 21. Re5 Rxe5 22. Qxe5 $40 {[%csl Gg3][%cal Re5b8][%mdl 128] White wants a kill.} Kb7 23. Re1 $1 Bg6 24. Qd4 Re8 25. Rxe8 Qxe8 26. h4 Qe6 27. c4 Nb6 28. a4 {[%cal Ba2a4,Ba4a5][%mdl 32]} Qd7 29. Qe5 Bc2 (29... Qe8 $16) 30. a5 $18 Nc8 31. d4 (31. Qxh5 $18 {Hoping for Qc5.} Bxb3 32. Qc5) 31... Ka6 32. b4 {[%cal Bb3b4,Bb4b5][%mdl 32]} Bd3 33. Qc5 (33. Qxh5 $6 Bxc4 34. Qe5 Ne7 $11) 33... Ne7 {[#]} (33... Be2 $16 {was called for.} 34. Bb8 Kb7) 34. d5 $1 {[%cal Rd5c6][%mdl 512]} cxd5 35. b5+ Kb7 36. Bd6 Bxc4 {Strongly threatening ...Nc8.} 37. a6+ ({Weaker is} 37. Bxe7 Qxb5 38. Kf2 Qb2+ 39. Kg3 Qb5 $16) 37... Ka8 {aiming for ...Nc8.} 38. Bxe7 Bxb5 39. Bd6 Bxa6 40. Qxd5+ Bb7 41. Qd4 ({Worse is} 41. Qxh5 Qxd6 42. Qh8+ Qb8 $11) 41... Bc6 42. Qc5 Kb7 (42... a6 $142 43. Kh2 Kb7) 43. Bg3 Qd5 44. Qb4+ Qb5 45. Qe7+ Bd7 46. Be1 Qd5 47. Qa3 ({White should try} 47. Kh1) 47... a5 $16 48. Kh2 a4 49. Qb4+ Qb5 50. Qe7 Qd5 51. Bg3 Qb5 52. Qd6 Qc6 53. Qb8+ Ka6 54. Bf2 Qb7 55. Qd6+ Qc6 56. Qd3+ Kb7 57. Qd4 Qc7+ 58. Bg3 Qc6 59. Bd6 Qb5 60. Bc5 Qc6 61. Qe5 Be8 62. Bd6 Bd7 63. Kg3 Qb5 $2 {[%mdl 8192] [#]} (63... Be8 $16 64. Qe7+ Qd7) 64. Bc5 (64. Qxb5+ $142 $1 Bxb5 65. Kf4) 64... Be8 65. Kf4 Qc4+ $2 {[%mdl 8192] [#]} (65... Qd7 $16 {might work better.}) 66. Kg3 $2 (66. Qe4+ $1 $18 {and the rest is easy.} Qxe4+ 67. Kxe4 (67. fxe4 Kc6 $14)) 66... Qb5 $1 67. Qd4 Qd7 68. Bd6 Qb5 69. Kf4 Bd7 (69... Qf1 $16) 70. Bc5 (70. Qb4 $18) 70... Be8 71. g4 hxg4 72. fxg4 {[%cal Bf3g4,Bg4g5,Bg5g6][%mdl 32]} Bd7 $2 (72... Qf1+ $16 73. Ke5 Qe1+ 74. Qe4+ Qxe4+ 75. Kxe4 Ka6) 73. Qb4 $18 {White is clearly winning.} Kc8 74. Qxb5 Bxb5 75. g5 Kd7 76. g6 Ke6 77. Kg5 Kd5 {Precision: White = 67%, Black = 43%.} 1-0

[Event "93rd FRA-ch 2018"]
[Site "Nimes"]
[Date "2018.08.25"]
[Round "8"]
[White "Maze, Sebastien"]
[Black "Cornette, Matthieu"]
[Result "1/2-1/2"]
[WhiteElo "2612"]
[BlackElo "2593"]
[Annotator "TA"]
[PlyCount "70"]
[EventDate "2018.08.18"]
[EventType "tourn"]
[EventCountry "FRA"]
[SourceTitle "playchess.com"]
[Source "ChessBase"]
[SourceQuality "1"]

{[%evp 20,70,16,16,24,21,25,11,15,7,10,17,16,27,23,19,27,30,26,30,29,21,30,0,33,0,0,0,0,0,0,0,0,0,0,0,0,0,0,0,0,0,0,-28,-28,-28,-28,-28,0,-1,0,-28,0]} 1. e4 c5 2. Nc3 Nc6 3. Nge2 d6 4. d4 cxd4 5. Nxd4 e5 6. Nf5 Bxf5 {B54: Sicilian: 2...d6 3 d4 cxd4 4 Nxd4, Unusual Lines} 7. exf5 Qd7 8. Nd5 (8. g3 Qxf5 9. Bg2 Nf6 10. O-O Be7 11. Nd5 Nxd5 12. Bxd5 O-O 13. c3 Qd7 14. a4 {1-0 (50) Karjakin,S (2767)-Radjabov,T (2745) Stavanger 2013}) 8... Nge7 9. f6 Nxd5 10. fxg7 Bxg7 11. Qxd5 {LiveBook: 3 Games} Qe6 12. Bc4 Nd4 13. Qxe6+ fxe6 14. Bd3 d5 $146 15. f3 h5 16. Be3 Nf5 17. Bf2 Bh6 18. O-O Ne3 19. Rfe1 d4 20. c3 Kf7 21. cxd4 exd4 22. Rac1 {aiming for Rc7+.} Rac8 23. Be4 b6 24. g3 e5 25. Rxc8 Rxc8 26. Bxe3 Bxe3+ $11 {[%mdl 4096] Endgame KRB-KRB} 27. Kg2 Kf6 28. Re2 {[#]} h4 $1 {[%mdl 512]} 29. Rc2 (29. gxh4 Rd8) 29... Rxc2+ 30. Bxc2 hxg3 31. Kxg3 {KB-KB} Bf4+ 32. Kg2 Kg5 33. b3 Be3 34. Kg3 Bf4+ 35. Kg2 Be3 {Precision: White = 75%, Black = 78%.} 1/2-1/2